000 00540nam a2200181Ia 4500
005 20250508160739.0
008 008 250505s9999 xx 000 0 eng d
037 _aTextual
040 _aFEDL
_beng
_cFEDL
041 _aeng
_2eng
084 _a371.9, JON
_qFEDL
100 _aJones Reginald L Ed.
_9152208
245 0 _aProblems and issues in the education of exceptional children
260 _aBoston, USA
_bHoughton Mifflin Company
_c1971
300 _a424p
942 _cTEXL
_h371.9, JON
999 _c1366381
_d1366381